Je suis Vaïana - Vaïana (Paroles) - Statistiques

Statistiques générales
  • Ce quiz a été pris 296 fois
  • Le résultat moyen est 140 sur 182
Statistiques - réponses
Paroles % Correct
je
97%
Vaïana Je
97%
suis
95%
Vaïana
93%
de
91%
De
91%
le
91%
es
89%
et
89%
Et
89%
la
89%
La
89%
89%
me
89%
mon
89%
Mon
89%
est
87%
Elle
85%
elle
85%
tu
85%
Tu
85%
un
85%
ce
84%
Ce
84%
des
84%
fille
84%
mer
84%
qui
84%
m'appelle
83%
Nos
83%
île
82%
petite
82%
Tala Une
82%
une
82%
ancêtres
81%
en
81%
étaient
81%
explorateurs
81%
ne
81%
sur
80%
chef
79%
notre
79%
79%
père
79%
te
79%
tout
79%
Tout
79%
viens
79%
amie
78%
Ils
78%
l'océan
78%
que
78%
ses
78%
voix
78%
cette
77%
d'une
77%
née
77%
pour
77%
toi
77%
Toi
77%
fidèle
76%
moi
76%
son
76%
comme
75%
d'honneur
75%
homme
75%
j'ai
75%
J'ai
75%
loin
75%
parents
75%
plus
75%
aime
74%
choisi
74%
destin
74%
d'où
74%
presque
74%
voyageurs
74%
entre
73%
fierté
73%
irréelle
73%
sais
73%
chante
72%
Fait
72%
m'appellent
72%
allée
71%
mille
71%
peuple
71%
Reconnaissable
71%
vent
71%
vaillants
70%
bas
69%
grands
69%
quand
69%
pas
68%
cœur
67%
l'entends
67%
Oui
67%
pourtant
67%
chemin
66%
dans
66%
ciel
65%
grandis
65%
Terre
65%
appris
64%
enchante
64%
laisse
63%
parle
63%
reviendrai
63%
douleur
62%
n'est
62%
d'humeur
61%
dit
61%
Parfois
61%
guidera
60%
peut
60%
rien
59%
ton
59%
taire
58%
Car
57%
faire
57%
L'expérience
57%
autres
56%
eux
55%
l'étoile
55%
Mais
55%
changera
54%
rappelles
54%
sais-tu
54%
L'amour
53%
savoir
52%
paix
48%
s'efface
44%
sèmes
40%
Aucun quiz correspondant
Distribution des résultats
% des personnes avec chaque résultat
Percentile par nombre de réponses
Votre historique - résultats
Vous n’avez pas pris ce quiz